000 00604nam a2200217 a 4500
999 _c11539
_d11539
003 PK-NaQUE
005 20251128095836.0
008 251128b ||||| |||| 00| 0 eng d
020 _a8131806537 (paperback)
020 _a9788131806531 (paperback)
040 _cQUEST
100 1 _aBansal, Dr. R. K.
245 1 0 _aEngineering Mechanics /
250 _a2nd ed.
260 _a[S.l.] :
_bLaxmi Publication,
_c2007.
300 _a1 v. (unpaged) ;
490 1 _aRgpv.
650 _aEngineering Mechanics
856 4 0 _uhttp://10.10.170.122:8080/browse/book/28996
_yDownload eBook
942 _cBK
_2ddc